Statistics for Yeezy 350 Boost colorways

Click here to take the quiz!

General Stats

  • This quiz has been taken 173 times
    (157 since last reset)
  • The average score is 7 of 12

Answer Stats

VersionAnswer% Correct
V2Zebra
75%
V1Turtle Dove
67%
V2Beluga
66%
V1Pirate Black 2015
63%
V1Pirate Black 2016
63%
V1Moonrock
59%
V2Oreo
58%
V1Oxford Tan
46%
V2Breds
43%
V2Red
43%
V2Copper
35%
V2Green
35%

Score Distribution

Percentile by Number Answered

Percent of People with Each Score

Your Score History

You have not taken this quiz since the last reset